Revitalizácia okolia nemocnice vo Veľkom Krtíši s dôrazom na prírodné prostredie pre zdravie a pohodu

Guardado en:
Detalles Bibliográficos
Autor principal: Kanátová, Sofia Mária (Autor)
Otros Autores: Štefunková, Zuzana (Orientador)
Formato: Manuscrito Libro
Lenguaje:eslovaco
Publicado: 2025
Materias:
Acceso en línea:http://is.stuba.sk/zp/portal_zp.pl?podrobnosti=167601
CRZP
Etiquetas: Agregar Etiqueta
Sin Etiquetas, Sea el primero en etiquetar este registro!

MARC

LEADER 00000ntm a22000003a 4500
001 stuzp103369
003 SK-STU
005 20250725110233.4
007 ta
008 150427s2015----xo-----f-mn---000-0-slo-d
040 |a STU  |b slo 
041 0 |a slo 
100 1 |a Kanátová, Sofia Mária  |u 010160  |4 aut  |U SvF Stavebná fakulta  |T SvF Katedra vodného hospodárstva krajiny  |X 114983  |U V160  |Y 16  |7 114983 
242 0 1 |a Revitalization of the Hospital Surroundings in Veľký Krtíš with a Focus on Natural Environment for Health and Well-being  |y eng 
245 1 0 |a Revitalizácia okolia nemocnice vo Veľkom Krtíši s dôrazom na prírodné prostredie pre zdravie a pohodu 
260 |c 2025 
650 4 |a nemocnica  |2 slo 
650 4 |a udržateľnosť  |2 slo 
650 4 |a biodiverzita  |2 slo 
650 4 |a revitalizácia  |2 slo 
650 4 |a sustainability  |2 eng 
650 4 |a hospital  |2 eng 
650 4 |a biodiversity  |2 eng 
650 4 |a revitalization  |2 eng 
700 1 |a Štefunková, Zuzana  |u 010160  |k Z1  |4 ths  |U SvF Stavebná fakulta  |T SvF Katedra vodného hospodárstva krajiny  |X 12513  |U V160  |Y 16  |7 A000012513 
856 4 |u http://is.stuba.sk/zp/portal_zp.pl?podrobnosti=167601 
856 4 |u https://opac.crzp.sk/?fn=detailBiblioForm&sid=C9A1C75A261DD259FC834C1E26A3  |z CRZP